IFM Opac

Changing social policy (Record no. 1698)

MARC details
000 -LEADER
fixed length control field 00393nam a2200145Ia 4500
020 ## - INTERNATIONAL STANDARD BOOK NUMBER
International Standard Book Number 0719911079
082 ## - DEWEY DECIMAL CLASSIFICATION NUMBER
Classification number 368.40941 WAL
100 ## - MAIN ENTRY--PERSONAL NAME
Personal name Walker, C.
9 (RLIN) 4749
245 ## - TITLE STATEMENT
Title Changing social policy
260 ## - PUBLICATION, DISTRIBUTION, ETC.
Place of publication, distribution, etc. London:
Name of publisher, distributor, etc. Bedford Square Press
Date of publication, distribution, etc. 1983
300 ## - PHYSICAL DESCRIPTION
Extent 173p. :ill. ;21cm
500 ## - GENERAL NOTE
General note Includes bibliographical references
650 ## - SUBJECT ADDED ENTRY--TOPICAL TERM
Topical term or geographic name entry element Social security - Great Britain
9 (RLIN) 2704
942 ## - ADDED ENTRY ELEMENTS (KOHA)
Koha item type Books
Holdings
Withdrawn status Lost status Damaged status Not for loan Collection code Home library Current library Shelving location Date acquired Total Checkouts Full call number Barcode Date last seen Price effective from Koha item type Source of acquisition
        Non-fiction IFM Main Campus Library IFM Main Campus Library Archival Collection 09/15/2021   368.40941 WAL 0000001748 05/15/2015 02/19/2022 Books  
        Non-fiction IFM Main Campus Library IFM Main Campus Library Archival Collection 11/04/2015   368.40941 WAL 0000001747 11/04/2015 02/19/2022 Books Purchase